[Event "EU-Cup Online Gr-E"]
[Site "Tornelo INT"]
[Date "2021.03.27"]
[Round "3.2"]
[White "Helie, Marc"]
[Black "Moussard, Jules"]
[Result "0-1"]
[WhiteElo "2083"]
[BlackElo "2635"]
[PlyCount "88"]
[EventDate "2021.03.27"]
[EventType "team-tourn (rapid)"]
[EventRounds "9"]
[EventCountry "NET"]
[SourceTitle "CBM 201 Extra"]
[Source "ChessBase"]
[SourceDate "2021.05.31"]
[SourceVersion "1"]
[SourceVersionDate "2021.05.31"]
[SourceQuality "1"]
[WhiteTeam "Lexovien"]
[BlackTeam "Asnieres"]
[WhiteTeamCountry "FRA"]
[BlackTeamCountry "FRA"]

1. d4 f5 2. g3 Nf6 3. Bg2 g6 4. Nh3 Bg7 5. 0-0 0-0 6. c4 d6 7. Nc3 c6 8. d5 e5 9. dxe6 Bxe6 10. Qb3 Qb6 11. Bf4 Rd8 12. Rad1 Ne8 13. Ng5 Bc8 14. c5+ Qxb3 15. axb3 h6 16. Nf3 d5 17. e4 fxe4 18. Nxe4 Na6 19. Nd6 Nxc5 20. Nxc8 Raxc8 21. b4 Ne4 22. Be5 Bxe5 23. Nxe5 Kg7 24. Rfe1 N8f6 25. f3 Nd6 26. Bh3 Rc7 27. Nd3 Nh7 28. Nc5 Nf8 29. Re2 b6 30. Nd3 Re8 31. Rde1 Rxe2 32. Rxe2 Kf6 33. Kf2 g5 34. Ne5 c5 35. bxc5 bxc5 36. Ng4+ Kg7 37. Rd2 d4 38. Ne5 Ng6 39. Nd7 h5 40. Be6 g4 41. b4 gxf3 42. Kxf3 c4 43. Rxd4 c3 44. Nc5 c2 0-1

[Event "Naujac op"]
[Site "Naujac"]
[Date "2013.06.30"]
[Round "1"]
[White "Helie, Marc"]
[Black "Favarel, Antoine"]
[Result "0-1"]
[WhiteElo "2074"]
[BlackElo "2347"]
[PlyCount "94"]
[EventDate "2013.06.30"]
[EventType "swiss"]
[EventRounds "9"]
[EventCountry "FRA"]
[SourceTitle "CBM 155 Extra"]
[Source "ChessBase"]
[SourceDate "2013.08.26"]
[SourceVersion "1"]
[SourceVersionDate "2013.08.26"]
[SourceQuality "1"]

1. e4 c5 2. Nf3 Nc6 3. d4 cxd4 4. Nxd4 g6 5. c4 Nf6 6. Nc3 d6 7. Nc2 Bg7 8. Be2 0-0 9. 0-0 Nd7 10. Bd2 a5 11. Rb1 Nc5 12. f3 f5 13. Ne3 fxe4 14. fxe4 Rxf1+ 15. Bxf1 Ne5 16. Be2 Bd7 17. Ned5 e6 18. Nf4 Qe7 19. Be3 Bc6 20. Qc2 Rf8 21. Rf1 Bh6 22. b3 Rf6 23. g3 g5 24. Ng2 Rxf1+ 25. Bxf1 Qf6 26. Be2 Bg7 27. Ne1 Nf7 28. Bd2 Qd4+ 29. Kf1 Bxe4 30. Qc1 Bc6 31. Nb5 Bxb5 32. cxb5 Qf6+ 33. Kg1 b6 34. Be3 h6 35. Nd3 Kf8 36. Nxc5 dxc5 37. Bh5 Qc3 38. Qxc3 Bxc3 39. h4 Bd4 40. Kf2 Nd6 41. hxg5 hxg5 42. a4 Nf5 43. Bxd4 cxd4 44. Be2 Ke7 45. Kf3 Nd6 46. Kg4 Kf6 47. Bd3 Nb7 0-1

[Event "FRA-chT1A 0708"]
[Site "France"]
[Date "2007.10.21"]
[Round "1.8"]
[White "Marchadour, Emilie"]
[Black "Helie, Marc"]
[Result "0-1"]
[WhiteElo "2123"]
[BlackElo "2142"]
[PlyCount "82"]
[EventDate "2007.10.21"]
[EventType "team"]
[EventRounds "11"]
[EventCountry "FRA"]
[SourceTitle "EXT 2009"]
[Source "ChessBase"]
[SourceDate "2008.11.26"]
[SourceVersion "1"]
[SourceVersionDate "2008.11.26"]
[SourceQuality "1"]
[WhiteTeam "Clichy II"]
[BlackTeam "Deauville"]
[WhiteTeamCountry "FRA"]
[BlackTeamCountry "FRA"]

1. e4 c5 2. Nf3 e6 3. d4 cxd4 4. Nxd4 Nc6 5. Nb5 d6 6. Bf4 e5 7. Be3 Nf6 8. N1c3 a6 9. Na3 b5 10. Nd5 Nxd5 11. exd5 Ne7 12. c4 bxc4 13. Nxc4 Nf5 14. Bb6 Qh4 15. Bd3 Be7 16. Ba5 Rb8 17. 0-0 0-0 18. Re1 Qh6 19. Rc1 Bg5 20. Rb1 Bf4 21. g3 Bg5 22. Nb6 Nd4 23. Nxc8 Rbxc8 24. Bc3 Nb5 25. Bxb5 axb5 26. a4 bxa4 27. Qxa4 f5 28. Qd7 f4 29. Rf1 Kh8 30. Bb4 Rcd8 31. Qg4 e4 32. h4 Be7 33. Bd2 e3 34. fxe3 fxg3 35. Qxg3 Bxh4 36. Qg2 Bg5 37. Qg3 Rfe8 38. Rf3 Re5 39. Rbf1 Bf6 40. Bc3 Rg5 41. Bxf6 gxf6 0-1

[Event "Caen op"]
[Site "Cande"]
[Date "2004.11.??"]
[Round "?"]
[White "Mullon, Jean Baptiste"]
[Black "Helie, Marc"]
[Result "0-1"]
[WhiteElo "2330"]
[BlackElo "248"]
[PlyCount "98"]
[EventDate "2004.11.??"]
[EventType "swiss"]
[EventRounds "6"]
[EventCountry "FRA"]
[SourceTitle "EXT 2006"]
[Source "ChessBase"]
[SourceDate "2005.11.24"]
[SourceVersion "1"]
[SourceVersionDate "2005.11.24"]
[SourceQuality "1"]

1. e4 c5 2. Nf3 e6 3. d4 cxd4 4. Nxd4 a6 5. Bd3 Nc6 6. Nxc6 dxc6 7. Nd2 e5 8. Nc4 Bd6 9. Bd2 Bc7 10. a4 Ne7 11. a5 0-0 12. h4 f5 13. Bc3 Ng6 14. exf5 Nf4 15. Be4 Bxf5 16. Qxd8 Raxd8 17. Bxf5 Rxf5 18. g3 Nd5 19. Bd2 e4 20. Ke2 Rdf8 21. Rhf1 Rf3 22. Ne3 Be5 23. c3 R8f7 24. Ng4 Bb8 25. c4 Ne7 26. Ne3 Ba7 27. Rad1 h6 28. h5 Nf5 29. Nxf5 R7xf5 30. Bf4 Rb3 31. Rd8+ Kh7 32. Bc1 Rxa5 33. Re8 e3 34. fxe3 Rxh5 35. Re7 Bc5 36. Rd7 Rh2+ 37. Kd1 Rg2 38. Rff7 Rxg3 39. Rxb7 Rg1+ 40. Kc2 Rxb7 41. Rxb7 a5 42. Bd2 a4 43. Kd3 h5 44. Bb4 Bxb4 45. Rxb4 h4 46. c5 g5 47. Rb7+ Kg6 48. Rc7 h3 49. Rxc6+ Kh5 0-1

[Event "FRA-chT2 0304"]
[Site "France"]
[Date "2003.12.07"]
[Round "4"]
[White "Helie, Marc"]
[Black "Duhayon, Yves"]
[Result "1-0"]
[WhiteElo "2142"]
[BlackElo "2215"]
[PlyCount "73"]
[EventDate "2003.10.??"]
[EventType "team"]
[EventRounds "11"]
[EventCountry "FRA"]
[SourceTitle "EXT 2005"]
[Source "ChessBase"]
[SourceDate "2004.11.15"]
[SourceVersion "1"]
[SourceVersionDate "2004.11.15"]
[SourceQuality "1"]
[WhiteTeam "Caen Alekhine"]
[BlackTeam "Bagneux"]
[WhiteTeamCountry "FRA"]
[BlackTeamCountry "FRA"]

1. e4 e5 2. Nf3 Nc6 3. Bb5 g6 4. c3 Bg7 5. 0-0 Nge7 6. d4 exd4 7. cxd4 d5 8. e5 0-0 9. h3 f6 10. Re1 fxe5 11. dxe5 Rxf3 12. Qxf3 Nd4 13. Qd3 c5 14. Na3 a6 15. Ba4 b5 16. Bd1 Bf5 17. Qc3 b4 18. Qxc5 Nec6 19. Bb3 Be6 20. Nc2 Bf8 21. Nxd4 Bxc5 22. Nxe6 Qb6 23. Nxc5 Qxc5 24. Be3 Qa5 25. Rac1 Ne7 26. Red1 Qd8 27. Bg5 Ra7 28. Rxd5 Qxd5 29. Bxd5+ Nxd5 30. Rd1 Nb6 31. e6 Ra8 32. Rd7 Re8 33. Rd6 Nc4 34. Rxa6 Nxb2 35. Rb6 Nd3 36. Kf1 Nc5 37. e7 1-0

[Event "Agneaux St Lo op 06th"]
[Site "Agneaux"]
[Date "2002.02.17"]
[Round "2"]
[White "Gladyszev, Oleg"]
[Black "Helie, Marc"]
[Result "1-0"]
[WhiteElo "2368"]
[BlackElo "2117"]
[PlyCount "73"]
[EventDate "2002.02.15"]
[EventType "swiss"]
[EventRounds "7"]
[EventCountry "FRA"]
[SourceTitle "EXT 2003"]
[Source "ChessBase"]
[SourceDate "2002.11.25"]
[SourceVersion "1"]
[SourceVersionDate "2002.11.25"]
[SourceQuality "1"]

1. d4 Nf6 2. c4 g6 3. Nc3 Bg7 4. e4 d6 5. Be2 0-0 6. Nf3 e5 7. 0-0 Nc6 8. d5 Ne7 9. Ne1 Nd7 10. Be3 f5 11. f3 f4 12. Bf2 g5 13. a4 Rf6 14. Nd3 Rg6 15. c5 Nf6 16. a5 g4 17. Bh4 h5 18. cxd6 cxd6 19. Kh1 Nh7 20. Qe1 Bf6 21. Bf2 Qf8 22. Nb5 g3 23. hxg3 fxg3 24. Bxg3 Qg7 25. Bh2 Rxg2 26. Rg1 Bh3 27. Qf2 Rg6 28. Nxd6 Rf8 29. Rxg6 Nxg6 30. Qg3 Nf4 31. Qxg7+ Bxg7 32. Nxf4 exf4 33. Bf1 Ng5 34. Bxh3 Nxh3 35. Kg2 Ng5 36. Rh1 Rf6 37. Nf5 1-0

[Event "Agneaux St Lo op 03rd"]
[Site "Agneaux"]
[Date "1999.??.??"]
[Round "6"]
[White "Helie, Marc"]
[Black "Chalmeton, Guillaume"]
[Result "1-0"]
[WhiteElo "2150"]
[BlackElo "1970"]
[PlyCount "25"]
[EventDate "1999.02.??"]
[EventType "swiss"]
[EventRounds "7"]
[EventCountry "FRA"]
[SourceTitle "EXT 2000"]
[Source "ChessBase"]
[SourceDate "1999.11.16"]
[SourceVersion "1"]
[SourceVersionDate "1999.11.16"]
[SourceQuality "1"]

1. e4 d6 2. d4 Nf6 3. Nc3 c6 4. Bg5 Nbd7 5. Qd2 e5 6. dxe5 dxe5 7. f3 b5 8. Nge2 Bc5 9. Ng3 Qb6 10. Nf5 g6 11. Nd6+ Ke7 12. 0-0-0 h6 13. Nxc8+ 1-0

[Event "Agneaux St Lo op 03rd"]
[Site "Agneaux"]
[Date "1999.??.??"]
[Round "7"]
[White "Leray, Jerome"]
[Black "Helie, Marc"]
[Result "1/2-1/2"]
[WhiteElo "2110"]
[BlackElo "2150"]
[PlyCount "45"]
[EventDate "1999.02.??"]
[EventType "swiss"]
[EventRounds "7"]
[EventCountry "FRA"]
[SourceTitle "EXT 2000"]
[Source "ChessBase"]
[SourceDate "1999.11.16"]
[SourceVersion "1"]
[SourceVersionDate "1999.11.16"]
[SourceQuality "1"]

1. e4 c5 2. Nf3 Nc6 3. d4 cxd4 4. Nxd4 e5 5. Nb5 d6 6. N1c3 a6 7. Na3 b5 8. Nd5 Be7 9. Be3 Rb8 10. Bd3 Be6 11. 0-0 Nf6 12. Nxf6+ Bxf6 13. Nb1 0-0 14. a4 bxa4 15. Rxa4 Rxb2 16. Bxa6 Qb8 17. Nc3 Nb4 18. Be2 Rc8 19. Nb5 Nxc2 20. Ba7 Qa8 21. Nxd6 Rd8 22. Qc1 Rb4 23. Rxb4 1/2-1/2

[Event "Agneaux St Lo op 02nd"]
[Site "Agneaux"]
[Date "1998.??.??"]
[Round "?"]
[White "Horvath, Peter"]
[Black "Helie, Marc"]
[Result "1-0"]
[WhiteElo "2405"]
[BlackElo "2130"]
[PlyCount "71"]
[EventDate "1998.02.??"]
[EventType "swiss"]
[EventRounds "7"]
[EventCountry "FRA"]
[SourceTitle "EXT 2003"]
[Source "ChessBase"]
[SourceDate "2002.11.25"]
[SourceVersion "1"]
[SourceVersionDate "2002.11.25"]
[SourceQuality "1"]

1. d4 Nf6 2. Nf3 g6 3. g3 Bg7 4. Bg2 0-0 5. 0-0 d6 6. c4 Nc6 7. d5 Na5 8. Nfd2 c5 9. Nc3 a6 10. Qc2 Rb8 11. b3 b5 12. Bb2 e6 13. dxe6 fxe6 14. Rad1 Bb7 15. Bxb7 Rxb7 16. cxb5 axb5 17. Nde4 Nxe4 18. Nxe4 Rd7 19. Bxg7 Kxg7 20. Nxd6 Rxd6 21. Rxd6 Qxd6 22. Qc3+ Kg8 23. Qxa5 Qc6 24. a4 Ra8 25. axb5 Qb7 26. Qc3 Qxb5 27. Qe3 Qc6 28. Rd1 Rf8 29. h4 Rf5 30. Rd8+ Kg7 31. Qc3+ Kh6 32. Rg8 Qd7 33. Qe3+ Kh5 34. f3 Qd1+ 35. Kg2 Rd5 36. Rg7 1-0

[Event "Agneaux St Lo op 02nd"]
[Site "Agneaux"]
[Date "1998.??.??"]
[Round "?"]
[White "Lehoux, Herve"]
[Black "Helie, Marc"]
[Result "0-1"]
[WhiteElo "1710"]
[BlackElo "2130"]
[PlyCount "44"]
[EventDate "1998.02.??"]
[EventType "swiss"]
[EventRounds "7"]
[EventCountry "FRA"]
[SourceTitle "EXT 2003"]
[Source "ChessBase"]
[SourceDate "2002.11.25"]
[SourceVersion "1"]
[SourceVersionDate "2002.11.25"]
[SourceQuality "1"]

1. e4 c5 2. Nf3 d6 3. d4 cxd4 4. Nxd4 Nf6 5. Nc3 g6 6. Be2 Bg7 7. Be3 0-0 8. Qd2 Nc6 9. h4 h5 10. f3 d5 11. exd5 Nxd5 12. Nxd5 Qxd5 13. Nxc6 Qxc6 14. c3 Be6 15. Qc2 b5 16. Bd3 Rac8 17. Be4 Qc7 18. Qf2 a5 19. Rg1 f5 20. Bc2 Rfd8 21. Ke2 Qc4+ 22. Bd3 Qxd3+ 0-1